Annotated Nigeria Data Protection Act ,2023 (Record no. 43610)

MARC details
003 - CONTROL NUMBER IDENTIFIER
control field 0198988
005 - DATE AND TIME OF LATEST TRANSACTION
control field 20250828104200.0
008 - FIXED-LENGTH DATA ELEMENTS--GENERAL INFORMATION
fixed length control field 250828b |||||||| |||| 00| 0 eng d
020 ## - INTERNATIONAL STANDARD BOOK NUMBER
International Standard Book Number 978-978-784-289-8
040 ## - CATALOGING SOURCE
Transcribing agency Nile University of Nigeria, Abuja
Description conventions rda
050 ## - LIBRARY OF CONGRESS CALL NUMBER
Classification number KP 143 .B3
082 ## - DEWEY DECIMAL CLASSIFICATION NUMBER
Classification number KP 143 .B3
100 ## - MAIN ENTRY--PERSONAL NAME
Personal name Babalola Olumide
Dates associated with a name 2023
245 ## - TITLE STATEMENT
Title Annotated Nigeria Data Protection Act ,2023
Statement of responsibility, etc Balboni Paolo
260 ## - PUBLICATION, DISTRIBUTION, ETC. (IMPRINT)
Place of publication, distribution, etc Lagos
Name of publisher, distributor, etc Noetico Repertum inc
Date of publication, distribution, etc 2023
264 ## - PUBLICATION, DISTRIBUTION, ETC. (IMPRINT)
Place of publication, distribution, etc Lagos
Name of publisher, distributor, etc Noetico Repertum inc
Date of publication, distribution, etc 2023
300 ## - PHYSICAL DESCRIPTION
Other physical details 333pg, 25 cm
336 ## - CONTENT TYPE
Source rdacontent
338 ## - CARRIER TYPE
Source rdacarrier
650 ## - SUBJECT ADDED ENTRY--TOPICAL TERM
Topical term or geographic name as entry element Data Protection
942 ## - ADDED ENTRY ELEMENTS (KOHA)
Source of classification or shelving scheme Library of Congress Classification
Koha item type Books
Holdings
Withdrawn status Lost status Source of classification or shelving scheme Damaged status Not for loan Permanent Location Current Location Date acquired Total Checkouts Full call number Barcode Date last seen Price effective from Koha item type
    Library of Congress Classification     Law Library Law Library 08/04/2025   KP 143 .B3 0198988 08/28/2025 08/28/2025 Books
    Library of Congress Classification     Law Library Law Library 08/04/2025   KP 143 .B3 0198989 08/28/2025 08/28/2025 Books
    Library of Congress Classification     Law Library Law Library 08/04/2025   KP 143 .B3 0198990 08/28/2025 08/28/2025 Books